• 首页
  • 本馆介绍
  • 公告通知
  • 最新文献
  • 馆藏检索
  • 电子资源
  • 读者导购
  • 参考咨询
  • 我的图书馆
  • 登录
  • 详细信息显示
  • 放入我的书架
  • 预约/预借图书
  • 作者相关作品
  • 分类相关作品
  • 丛书相关作品
  • 出版社相关作品

书目信息

  • 表格格式
  • 工作单格式
  • 卡片格式
题名:
中美配音艺术比较研究
    
 
作者: 罗景昕 编著
分册:  
出版信息: 北京   九州出版社  2020.12
页数: 291页
开本: 15cm
丛书名:
单 册:
中图分类: J912
科图分类:
主题词: 配音--对比研究--中国、美国
电子资源:
ISBN: 978-7-5108-8688-1
000 01073nam0 2200229 45
001 490042
005 20140817160511.0
010    @a978-7-5108-8688-1@dCNY68.00
100    @a20191223d2020 em y0chiy0110 ea
101 0  @achi
102    @aCN@b110000
105    @ay z 000yy
106    @ar
200 1  @a中美配音艺术比较研究@Azhong mei pei yin yi shu bi jiao yan jiu@f罗景昕编著
210    @a北京@c九州出版社@d2020.12
215    @a291页@d15cm
330    @a本书为学术作品。本书主要包括如下内容:第一,运用中美比较的方式,全新地、更好地、多视角地阐述“配音”概念;第二,介绍美国现有的配音演员工会和艺术家协会,以及如何给配音员评定等级;第三,对比中美的训练的方式与方法;第四,不同作品分类的配音方法介绍;第五,美国配音员的日常工作状况等。本书能让读者更多地了解美国的配音员是如何准入、培养、评定及仲裁;他们是如何被挖掘、接受任务、完成配音业务;他们是如何自我营销,不断发掘自己的声音天赋及品牌价值。
606 0  @a配音@x对比研究@y中国、美国
690    @aJ912@v5
701  0 @a罗景昕@Aluo jing xin@4编著
801    @aCN@b江苏凤凰@c20211018
905    @b1355394-7@dJ912@e409@f4
    
    中美配音艺术比较研究/罗景昕编著.-北京:九州出版社,2020.12
    291页;15cm
    
    
    ISBN 978-7-5108-8688-1:CNY68.00
    本书为学术作品。本书主要包括如下内容:第一,运用中美比较的方式,全新地、更好地、多视角地阐述“配音”概念;第二,介绍美国现有的配音演员工会和艺术家协会,以及如何给配音员评定等级;第三,对比中美的训练的方式与方法;第四,不同作品分类的配音方法介绍;第五,美国配音员的日常工作状况等。本书能让读者更多地了解美国的配音员是如何准入、培养、评定及仲裁;他们是如何被挖掘、接受任务、完成配音业务;他们是如何自我营销,不断发掘自己的声音天赋及品牌价值。
●
相关链接 在E读中查询图书 在五车中查询图书 在当当中查询图书 在豆瓣中查询图书


正题名:中美配音艺术比较研究     索取号:J912/409         预约/预借

序号 登录号 条形码 馆藏地/架位号 状态 备注
1 1355394   213553947   第一样本阅览室/ [索取号:J912/409] 在馆    
2 1355395   213553956   第一借阅区/ [索取号:J912/409] 在馆    
3 1355396   213553965   第一借阅区/ [索取号:J912/409] 在馆    
4 1355397   213553974   第一借阅区/ [索取号:J912/409] 在馆    
唐山师范学院图书馆 欢迎您!
大连网信软件有限公司© 版权所有